The Rationale and Design of Inflation-Indexed Bonds /

A number of industrialized countries have recently offered inflation-indexed bonds. Some members of another group of countries that had earlier adopted more comprehensive indexation in response to high inflation have taken steps to reduce the scope of indexation in their economies. This paper survey...

Descripció completa

Dades bibliogràfiques
Autor principal: Price, Robert
Format: Revista
Idioma:English
Publicat: Washington, D.C. : International Monetary Fund, 1997.
Col·lecció:IMF Working Papers; Working Paper ; No. 1997/012
Accés en línia:Full text available on IMF
LEADER 01553cas a2200241 a 4500
001 AALejournalIMF007239
008 230101c9999 xx r poo 0 0eng d
020 |c 5.00 USD 
020 |z 9781451842869 
022 |a 1018-5941 
040 |a BD-DhAAL  |c BD-DhAAL 
100 1 |a Price, Robert. 
245 1 4 |a The Rationale and Design of Inflation-Indexed Bonds /  |c Robert Price. 
264 1 |a Washington, D.C. :  |b International Monetary Fund,  |c 1997. 
300 |a 1 online resource (69 pages) 
490 1 |a IMF Working Papers 
500 |a <strong>Off-Campus Access:</strong> No User ID or Password Required 
500 |a <strong>On-Campus Access:</strong> No User ID or Password Required 
506 |a Electronic access restricted to authorized BRAC University faculty, staff and students 
520 3 |a A number of industrialized countries have recently offered inflation-indexed bonds. Some members of another group of countries that had earlier adopted more comprehensive indexation in response to high inflation have taken steps to reduce the scope of indexation in their economies. This paper surveys debt management, monetary policy, and welfare arguments on the use of inflation-indexed bonds, and relates these to the experiences of various issuers. The paper also considers some important design features of indexed bonds. 
538 |a Mode of access: Internet 
830 0 |a IMF Working Papers; Working Paper ;  |v No. 1997/012 
856 4 0 |z Full text available on IMF  |u http://elibrary.imf.org/view/journals/001/1997/012/001.1997.issue-012-en.xml  |z IMF e-Library